Mi primer día de escuela / (Record no. 15008)

000 -CABECERA
fixed length control field 00662nam a22002057a 4500
003 - IDENTIFICADOR DEL NÚMERO DE CONTROL
control field AR-CdUCM
008 - DATOS DE LONGITUD FIJA--INFORMACIÓN GENERAL
fixed length control field 190425b ||||| |||| 00| 0 spa d
020 ## - NÚMERO INTERNACIONAL ESTÁNDAR DEL LIBRO
ISBN 978-84-683-0188-4
040 ## - FUENTE DE LA CATALOGACIÓN
Agencia/entidad que catalogó originalmente la obra MUNICIPALIDAD PROVINCIAL DEL CUSCO
Entidad que transcribió la catalogación BIBLIOTECA MUNICIPAL DEL CUSCO
082 ## - NÚMERO DE LA CLASIFICACIÓN DECIMAL DEWEY
No. de Clasificación PI / 376.12 /
Notacion interna G25
100 ## - ENTRADA PRINCIPAL--NOMBRE DE PERSONA
Nombre Personal Garcia Sabajés, Berta
245 ## - MENCIÓN DE TÍTULO
Título Mi primer día de escuela /
260 ## - PUBLICACIÓN, DISTRIBUCIÓN, ETC.
Lugar de publicación, distribución, etc. Barcelona,
Nombre de la editorial, distribuidor, etc. Edebé,
Fecha de publicación, distribución, etc. 2011.
300 ## - DESCRIPCIÓN FÍSICA
Nº de Páginas Extensión 35 páginas ;
Otros detalles físicos Ilustraciones,
Dimensiones 25 cm.
440 ## - MENCIÓN DE SERIE/PUNTO DE ACCESO ADICIONAL--TÍTULO
Título Colección comportamientos ;
9 (RLIN) 34010
650 ## - PUNTO DE ACCESO ADICIONAL DE MATERIA--TÉRMINO DE MATERIA
Descriptor Literatura infantil
9 (RLIN) 588
700 ## - PUNTO DE ACCESO ADICIONAL--NOMBRE DE PERSONA
Nombre Personal Modéré, Armelle
9 (RLIN) 34011
942 ## - ELEMENTOS DE PUNTO DE ACCESO ADICIONAL (KOHA)
Fuente de clasificación
Tipo de item Libros-BMC
945 ## - PROCESAMIENTO DE INFORMACIÓN LOCAL (OCLC)
Catalogador acv
AAAA-MM-DD - Fecha de ingreso o modificacion 2019-04-25
Holdings
Estado de retiro (separado) Fuente de clasificación o esquema de estanterías Estado dañado Ubicación Sala donde se ubica Nombre de la colección Fecha de adquisición o compra Costo, precio normal en soles Signatura topográfica Código de Barras Última vez visto (Koha) Tipo de ítem (Koha)
No     Sala de Infantes Sala de Infantes Children's Area 2019-04-25 30.00 PI / 376.12 / G25 SI00003429 2019-04-25 Libros-BMC

Powered by Koha